JR特急停車駅乗降客数ワースト100 - Statistics

General Stats
  • This quiz has been taken 68 times
  • The average score is 39 of 100
Answer Stats
順位 都道府県 Answer % Correct
13 北海道 音威子府
87%
6 北海道 トマム
76%
16 北海道 幌延
75%
1 北海道 天塩中川
73%
96 北海道
73%
17 北海道 豊富
71%
23 北海道 南稚内
71%
25 北海道 稚内
71%
47 北海道 新夕張
69%
61 北海道 遠軽
65%
75 北海道 上川
65%
4 北海道 白滝
64%
20 北海道 白糠
64%
30 北海道 美深
62%
57 北海道 女満別
62%
76 北海道 長万部
62%
100 北海道 新得
60%
53 北海道 留辺蘂
56%
69 島根県 津和野
56%
46 北海道 和寒
55%
11 北海道 生田原
53%
38 徳島県 大歩危
51%
43 和歌山県 太地
51%
94 高知県 宿毛
51%
10 北海道 丸瀬布
49%
64 北海道 大沼公園
49%
82 富山県 猪谷
49%
40 和歌山県 周参見
45%
14 島根県 温泉津
44%
32 高知県 土佐佐賀
44%
39 山形県 あつみ温泉
44%
52 和歌山県 古座
44%
95 秋田県 仁賀保
44%
36 秋田県 碇ケ関
42%
81 秋田県 大鰐温泉
42%
5 島根県 日原
40%
34 静岡県 中部天竜
40%
50 山形県 遊佐
40%
2 高知県 土佐上川口
38%
51 島根県 三保三隅
38%
89 兵庫県 浜坂
38%
91 島根県 江津
38%
92 長野県 聖高原
38%
7 青森県 奥津軽いまべつ
36%
12 北海道 輪西
36%
31 高知県 大杉
36%
37 鳥取県 生山
36%
49 山梨県 下部温泉
36%
68 鳥取県 根雨
36%
71 三重県 三瀬谷
36%
77 秋田県 森岳
36%
79 長野県 上松
36%
83 三重県 紀伊長島
36%
24 岡山県 大原
35%
29 新潟県 府屋
35%
58 山梨県 鰍沢口
35%
18 静岡県 水窪
33%
41 京都府 大江
33%
72 北海道 母恋
33%
78 高知県 土佐久礼
33%
3 北海道 御崎
31%
15 長野県 平岡
31%
22 愛知県 湯谷温泉
31%
27 高知県 平田
31%
28 岐阜県 久々野
31%
66 岐阜県 白川口
31%
74 岐阜県 飛驒金山
31%
85 秋田県 象潟
31%
42 高知県 土佐入野
29%
67 山梨県 内船
29%
87 兵庫県 生野
29%
48 北海道 木古内
27%
55 京都府 夕日ヶ浦木津温泉
27%
62 香川県 オレンジタウン
27%
8 島根県 波子
25%
56 愛媛県 伊予吉田
25%
59 兵庫県 竹田
25%
63 山梨県 甲斐岩間
25%
65 京都府 京丹後大宮
25%
73 千葉県 安房小湊
25%
98 京都府 与謝野
25%
84 熊本県 阿蘇
24%
97 栃木県 東武ワールドスクウェア
24%
99 香川県 讃岐白鳥
24%
26 岐阜県 飛驒小坂
22%
33 山口県 徳佐
22%
9 山口県 三谷
20%
21 大分県 豊後荻
20%
70 千葉県 上総興津
20%
44 徳島県 池谷
18%
54 愛媛県 伊予中山
18%
80 兵庫県 竹野
16%
90 鹿児島県 霧島神宮
16%
35 大分県 天ケ瀬
15%
60 山梨県 下吉田
15%
86 京都府 網野
15%
93 大分県 緒方
15%
45 大分県 豊後中村
13%
19 大分県 湯平
11%
88 宮崎県 山之口
9%
No matching quizzes found
Score Distribution
Percent of People with Each Score
Percentile by Number Answered
Your Score History
You have not taken this quiz